Aphorisms and poems of light / (Record no. 59029)
[ view plain ]
| 000 -LEADER | |
|---|---|
| fixed length control field | 00387 a2200145 4500 |
| 008 - FIXED-LENGTH DATA ELEMENTS--GENERAL INFORMATION | |
| fixed length control field | 240320b ||||| |||| 00| 0 eng d |
| 020 ## - INTERNATIONAL STANDARD BOOK NUMBER | |
| International Standard Book Number | 97817352657 |
| 050 ## - LIBRARY OF CONGRESS CALL NUMBER | |
| Classification number | PQ2664 |
| Item number | .O34 2020 |
| 100 ## - MAIN ENTRY--PERSONAL NAME | |
| Personal name | Oketch, Jacob |
| 245 ## - TITLE STATEMENT | |
| Title | Aphorisms and poems of light / |
| Statement of responsibility, etc | Jacob Oketch |
| 260 ## - PUBLICATION, DISTRIBUTION, ETC. (IMPRINT) | |
| Name of publisher, distributor, etc | Dani Tegan Inc |
| Date of publication, distribution, etc | 2020 |
| Place of publication, distribution, etc | Nairobi |
| 300 ## - PHYSICAL DESCRIPTION | |
| Extent | 112 p. ; |
| Dimensions | 23 cm. |
| 650 ## - SUBJECT ADDED ENTRY--TOPICAL TERM | |
| Topical term or geographic name as entry element | poetry |
| 942 ## - ADDED ENTRY ELEMENTS (KOHA) | |
| Item type | Book |
| Source of classification or shelving scheme | Library of Congress Classification |
| Withdrawn status | Lost status | Source of classification or shelving scheme | Damaged status | Not for loan | Collection code | Home library | Current library | Shelving location | Date acquired | Source of acquisition | Cost, normal purchase price | Total Checkouts | Full call number | Barcode | Date last seen | Date last borrowed | Copy number | Price effective from | Koha item type |
|---|---|---|---|---|---|---|---|---|---|---|---|---|---|---|---|---|---|---|---|
| Library of Congress Classification | Fiction | Bishop Okullu Memorial Library (Limuru Campus) | Bishop Okullu Memorial Library (Limuru Campus) | General Circulation | 20/03/2024 | purchase | 1500.00 | 1 | PQ2664 .O34 2020 | 071423 | 03/05/2024 | 30/04/2024 | 1 | 20/03/2024 | Book |